A Zsámboky-könyvtár katalógusa (1587) Gulyás Pál olvasatában
Elmentve itt :
| Dokumentumtípus: | Könyv |
|---|---|
| Megjelent: |
1992
|
| Sorozat: | Adattár XVI-XVIII. századi szellemi mozgalmaink történetéhez
12 No. 2 |
| Online Access: | http://misc.bibl.u-szeged.hu/28979 |
| LEADER | 00574nam a2200157 i 4500 | ||
|---|---|---|---|
| 001 | misc28979 | ||
| 005 | 20191121111756.0 | ||
| 008 | 180103s1992 hu o 0|| zxx d | ||
| 020 | |a 963-481-888-9 | ||
| 022 | |a 0230-8495 | ||
| 040 | |a SZTE Miscellanea Repozitórium |b hun | ||
| 041 | |a zxx | ||
| 245 | 0 | 2 | |a A Zsámboky-könyvtár katalógusa (1587) |h [elektronikus dokumentum] : |b Gulyás Pál olvasatában |
| 260 | |c 1992 | ||
| 490 | 0 | |a Adattár XVI-XVIII. századi szellemi mozgalmaink történetéhez |v 12 No. 2 | |
| 856 | 4 | 0 | |u http://misc.bibl.u-szeged.hu/28979/1/ad_012_2.pdf |z Dokumentum-elérés |